Flea beetle (phyllotreta spp) control on celery cabbage under royal university of agricultue condition; ការគ្រប់គ្រងសត្វទៀកគូលើដំណាំស្ពៃចង្កឺះក្នុងល័ក្ខខ័ណ្ឌសាកលវិទ្យាល័យភូមិន្ទកសិកម្ម (Record no. 7975)

000 -LEADER
fixed length control field 00743nam a22001577a 4500
003 - CONTROL NUMBER IDENTIFIER
control field OSt
005 - DATE AND TIME OF LATEST TRANSACTION
control field 20160509095621.0
008 - FIXED-LENGTH DATA ELEMENTS--GENERAL INFORMATION
fixed length control field 160509b xxu||||| |||| 00| 0 eng d
040 ## - CATALOGING SOURCE
Transcribing agency RUA
082 ## - DEWEY DECIMAL CLASSIFICATION NUMBER
Classification number AGR SOK 2011 B470 Or.1
100 ## - MAIN ENTRY--PERSONAL NAME
9 (RLIN) 8323
Personal name SOK CHANSEREY; សុខ ចាន់សិរី
245 ## - TITLE STATEMENT
Title Flea beetle (phyllotreta spp) control on celery cabbage under royal university of agricultue condition; ការគ្រប់គ្រងសត្វទៀកគូលើដំណាំស្ពៃចង្កឺះក្នុងល័ក្ខខ័ណ្ឌសាកលវិទ្យាល័យភូមិន្ទកសិកម្ម
260 ## - PUBLICATION, DISTRIBUTION, ETC. (IMPRINT)
Place of publication, distribution, etc. Phnom Penh
Name of publisher, distributor, etc. RUA
Date of publication, distribution, etc. 2010
300 ## - PHYSICAL DESCRIPTION
Extent ix;42p.
Other physical details ill.
Dimensions 29cm.
942 ## - ADDED ENTRY ELEMENTS (KOHA)
Source of classification or shelving scheme
Koha item type AGR
Holdings
Price effective from Date last seen Permanent Location Not for loan Date acquired Source of classification or shelving scheme Koha item type Barcode Lost status Damaged status Shelving location Withdrawn status Current Location Full call number
2016-05-092016-05-09Library Block B 2016-05-09 AGRRUA052222  B470 Library Block BAGR SOK 2011 B470 Or.1
មជ្ឈមណ្ឌលឯការនៃសាកលវិទ្យាល័យភូមិន្ទកសិកម្មចំការដូង

Powered by Koha